00501nam a2200181Ii 450000100060000000300090000600800410001504000330005604100080008908200150009710000240011224500420013626400480017830000120022633600260023833700280026433800270029214245CO-ViMGA241108s9999||||xx |||||||||||||| ||und|| aCO-ViMGAbspaerdacCO-ViMGA0 aspa04a330.9 A72s1 aOscar Arcila Niño10aSur del Meta:bterritorio amazónico 1aBogotá, Colombia : Nomos Impresores, 2007 avolumen atextbtxt2rdacontent aunmediatedbn2rdamedia avolumebnc2rdacarrier